Songs Named After A Food - Statistics

General Stats
  • This quiz has been taken 26 times
  • The average score is 12 of 35
Answer Stats
Hint Answer % Correct
Aerosmith 1975 Adam's Apple
68%
Don McLean 1971 American Pie
64%
DNCE 2015 Cake By The Ocean
64%
Red Hot Chili Peppers 1995 Pea
60%
Buckwheat Boyz 2004 Peanut Butter Jelly Time
60%
Def Leppard 1987 Pour Some Sugar On Me
60%
Harry Belafonte 1956 The Banana Boat Song (Day-O)
60%
The Beatles 1967 Strawberry Fields Forever
56%
Jack Johnson 2003 Cookie Jar
48%
Little Feat 1973 Dixie Chicken
48%
Fools Garden 1995 Lemon Tree
48%
Justin Bieber 2021 Peaches
48%
Hot Butter 1972 Popcorn
44%
Tay Zonday 2010 Chocolate Rain
40%
Robbie Williams 2012 Candy
32%
Jimmy Buffet 1978 Cheeseburger in Paradise
28%
Beastie Boys 1989 Egg Man
28%
The Beatles 1968 Glass Onion
28%
Van Halen 1978 Ice Cream Man
28%
Can 1972 Soup
28%
Led Zeppelin 1970 Tangerine
28%
Tori Amos 1998 (Ambient) Raspberry Swirl
24%
Led Zeppelin 1979 Hot Dog
24%
The Chordettes 1954 Lollipop
20%
Van Morrison 1971 Tupelo Honey
20%
Harry Nilsson 1971 Coconut
16%
Zac Brown Band 2015 Mango Tree
16%
Grateful Dead 1967 Cream Puff War
12%
10cc 1975 Life Is A Minestrone
12%
Bing Crosby 1950 Marshmallow World
12%
Percy Montrose 1884 Oh My Darling, Clementine
12%
Tyler, the Creator 2018 Okra
12%
Jan & Dean 1963 Popsicle
12%
Little Simz 2019 Sherbet Sunset
8%
George Harrison 1970 Thanks For The Pepperoni
8%
No matching quizzes found
Score Distribution
Percent of People with Each Score
Percentile by Number Answered
Your Score History
You have not taken this quiz